| LDR | | 00000nam c2200205 c 4500 |
| 001 | | 000000300034 |
| 005 | | 20230519105338 |
| 007 | | ta |
| 008 | | 230419s2023 ulkad 000a kor |
| 020 | |
▼a 9791186116395
▼g 03320 :
▼c \18000 |
| 040 | |
▼a 248032
▼c 248032
▼d 248032 |
| 049 | 0 |
▼l EM108344 |
| 056 | |
▼a 331.54
▼2 4 |
| 090 | |
▼a 004.73
▼b 장38ㅊ |
| 245 | 00 |
▼a 챗GPT =
▼x ChatGPT :
▼b 기회를 잡는 사람들 /
▼d 장민 지음 |
| 250 | |
▼a 초판 |
| 260 | |
▼a 서울 :
▼b 알투스,
▼c 2023 |
| 300 | |
▼a 268 p. :
▼b 천연색삽화, 도표 ;
▼c 23 cm |
| 500 | |
▼a GPT는 "Generateive Pre-trained Transformer"의 약어임 |
| 653 | |
▼a 챗GPT
▼a 인공지능
▼a 사회변화
▼a AI |
| 700 | 0 |
▼a 장민,
▼e 저 |
| 940 | |
▼a 챗지피티 |
| 950 | 0 |
▼b \18000 |
| 990 | |
▼a 관리자2
▼b 관리자2 |